000 00448nam a2200145 4500
001 137080
003 ES-MaACL
007 t|
008 070214s1974 sp r ||||1| spa d
100 1 _aSalas López, Fernando de.
_9101763
245 1 0 _aEspaña, la Otan y los organismos militares internacionales /
_cFernando de Salas López.
260 _aMadrid :
_bEd. Nacional,
_c1974.
300 _a337 p. ;
_c21 cm.
852 _aES-MaACL
_jE-6551
_bR.90893
999 _c137080
_d137080